Terras Mon Firme: entendiendo y preparándose para los terremotos / James M. Gere (Registro nro. 621)

Detalles MARC
000 -LEADER
fixed length control field 00500nam a22001931a 4500
001 - CONTROL NUMBER
control field 621
003 - CONTROL NUMBER IDENTIFIER
control field OSt
005 - DATE AND TIME OF LATEST TRANSACTION
control field 20260204211701.0
008 - FIXED-LENGTH DATA ELEMENTS--GENERAL INFORMATION
fixed length control field 040113s1988||||dr ||||||b||||||||||spa||
050 ## - LIBRARY OF CONGRESS CALL NUMBER
Classification number RD 551.2 G314t
082 ## - DEWEY DECIMAL CLASSIFICATION NUMBER
Classification number RD 551.2 G314t
100 ## - ASIENTO PRINCIPAL -- NOMBRE PERSONAL
Personal name Gere, James M.
245 ## - TÍTULO PROPIAMENTE DICHO: SUBTÍTULO
Title Terras Mon Firme: entendiendo y preparándose para los terremotos / James M. Gere
264 ## - PRODUCTION, PUBLICATION, DISTRIBUTION, MANUFACTURE, AND COPYRIGHT NOTICE
Place of production, publication, distribution, manufacture Santo Domingo : [s.n.]
300 ## - PHYSICAL DESCRIPTION
Extensión 196 p.
650 ## - ASIENTO SECUNDARIO DE MATERIA -- TERMINO TEMÁTICO
Termino Temático Como Elemento de Entrada 1.Terremoto
700 ## - ASIENTO SECUNDARIO -- NOMBRE PERSONAL
Personal name Harish ShahÌ
942 ## - ADDED ENTRY ELEMENTS (KOHA)
Source of classification or shelving scheme Dewey Decimal Classification
Koha item type Libros
Existencias
Withdrawn status Lost status Source of classification or shelving scheme Damaged status Not for loan Current library Date acquired Full call number Barcode Date last seen Price effective from Koha item type
    Dewey Decimal Classification Descartado para donación   Biblioteca UTECO 09/09/2019 RD 551.2 G314T 000932 09/09/2019 09/09/2019 Libros
    Dewey Decimal Classification Descartado para donación   Biblioteca UTECO 09/09/2019 RD 551.2 G314T 000933 09/09/2019 09/09/2019 Libros
    Dewey Decimal Classification Dañado   Biblioteca UTECO 09/09/2019 RD 551.2 G314T 000934 09/09/2019 09/09/2019 Libros
© 2021 Derechos Reservados UTECO - Teléfono: +1 809-585-2291 - Correo electrónico: biblioteca@uteco.edu.do​  
Código postal 43000 ​​
Dirección: Avenida Universitaria No. 100, 
Cotuí, Provincia Sánchez Ramírez, República Dominicana - RNC: 404-00059-6